[Event "46. Villa de Mislata - Open B 2012"]
[Site "Mislata ESP"]
[Date "2012.08.13"]
[Round "1.1"]
[White "Segarra Martinez, Axel"]
[Black "Rubio Trigueros, Jose Luis"]
[Result "1-0"]
[WhiteElo "2091"]
[BlackElo "1936"]
[PlyCount "45"]
[EventDate "2012.08.13"]
[EventType "tourn"]
[EventRounds "9"]
[EventCountry "ESP"]
[EventCategory "2"]
[Source "lmi"]
[SourceDate "2012.08.13"]

1. e4 e5 2. Nf3 d6 3. d4 exd4 4. Nxd4 Nf6 5. Nc3 a6 6. Be3 c5 7. Nb3 Be6 8. f3
Be7 9. Qd2 O-O 10. O-O-O b5 11. Nd5 Nxd5 12. exd5 Bf5 13. g4 Bg6 14. h4 h6 15.
g5 h5 16. Bd3 Nd7 17. Na5 Nb8 18. Bxg6 fxg6 19. Rhf1 Qc7 20. f4 Nd7 21. Nc6
Rae8 22. Qd3 Bd8 23. Qxg6 1-0

[Event "46. Villa de Mislata - Open B 2012"]
[Site "Mislata ESP"]
[Date "2012.08.13"]
[Round "1.2"]
[White "Bixquert Jimenez, Francisco"]
[Black "Penades Ordaz, Victor"]
[Result "0-1"]
[WhiteElo "1933"]
[BlackElo "2091"]
[PlyCount "114"]
[EventDate "2012.08.13"]
[EventType "tourn"]
[EventRounds "9"]
[EventCountry "ESP"]
[EventCategory "2"]
[Source "lmi"]
[SourceDate "2012.08.13"]

1. d4 Nf6 2. c4 g6 3. Nc3 Bg7 4. e4 d6 5. Nf3 O-O 6. Be2 e5 7. O-O Nc6 8. d5
Ne7 9. Bd2 a5 10. a3 Nd7 11. b4 f5 12. Ne1 Nf6 13. f3 c6 14. Nd3 cxd5 15. cxd5
Bd7 16. Nf2 axb4 17. axb4 Qb6 18. Qb3 Rxa1 19. Rxa1 fxe4 20. fxe4 Ng4 21. Ncd1
Rxf2 22. Be3 Nxe3 23. Nxf2 Bh6 24. h3 Bf4 25. Ra3 h5 26. g3 Bh6 27. Ra2 Kf7 28.
Kh2 Ng8 29. Rb2 Nf6 30. Bf3 Bb5 31. Be2 Bd7 32. Bf3 Nf1+ 33. Kg2 Nd2 34. Qc3
Qe3 35. Qxe3 Bxe3 36. Nd1 Nxf3 37. Kxf3 Bd4 38. Rc2 Ke8 39. Ne3 Bxh3 40. Rc7 b6
41. Rg7 Kf8 42. Rc7 Bg4+ 43. Nxg4 hxg4+ 44. Kg2 Nxe4 45. Rd7 Bc3 46. b5 Bb4 47.
Rh7 Nf6 48. Rh4 Kg7 49. Kf2 g5 50. Rh1 Nxd5 51. Rh5 Kg6 52. Rh8 Kf5 53. Rf8+
Ke4 54. Rg8 Bc5+ 55. Kg2 Ne3+ 56. Kf2 d5 57. Rc8 Nc4+ 0-1

[Event "46. Villa de Mislata - Open B 2012"]
[Site "Mislata ESP"]
[Date "2012.08.13"]
[Round "1.4"]
[White "Bas Mas, Miguel"]
[Black "Bellosta Lopez, Pablo"]
[Result "1-0"]
[WhiteElo "1925"]
[BlackElo "2066"]
[PlyCount "61"]
[EventDate "2012.08.13"]
[EventType "tourn"]
[EventRounds "9"]
[EventCountry "ESP"]
[EventCategory "2"]
[Source "lmi"]
[SourceDate "2012.08.13"]

1. e4 c5 2. Nf3 d6 3. d4 Nf6 4. Nc3 cxd4 5. Nxd4 a6 6. Bg5 e6 7. Qd2 h6 8. Bxf6
Qxf6 9. O-O-O Nc6 10. Nxc6 bxc6 11. f4 Be7 12. h4 h5 13. Be2 Bb7 14. e5 Qh6 15.
exd6 O-O-O 16. d7+ Kb8 17. Bf3 Bb4 18. a3 Ba5 19. g3 Qg6 20. Qe3 Bxc3 21. Qxc3
Qxg3 22. Qe5+ Ka8 23. Rd3 Qf2 24. Qc7 Qc5 25. Rb3 Rb8 26. Rd1 Rhd8 27. Rxb7
Qe3+ 28. Kb1 Rxb7 29. Qxd8+ Ka7 30. Qc8 Qxa3 31. Qxb7+ 1-0

[Event "46. Villa de Mislata - Open B 2012"]
[Site "Mislata ESP"]
[Date "2012.08.13"]
[Round "1.5"]
[White "Ventura Monfort, Santiago"]
[Black "Jimenez Macias, Santiago"]
[Result "1-0"]
[WhiteElo "2066"]
[BlackElo "1919"]
[PlyCount "63"]
[EventDate "2012.08.13"]
[EventType "tourn"]
[EventRounds "9"]
[EventCountry "ESP"]
[EventCategory "2"]
[Source "lmi"]
[SourceDate "2012.08.13"]

1. e4 c5 2. Nf3 Nc6 3. d4 cxd4 4. Nxd4 g6 5. Nc3 Bg7 6. Be3 d6 7. Qd2 Nf6 8.
O-O-O Ng4 9. Nb3 Nxe3 10. Qxe3 Be6 11. Kb1 Bxb3 12. cxb3 Rc8 13. h4 h5 14. f4
Qa5 15. Rd5 Qc7 16. Nb5 Qb8 17. Be2 a6 18. Na3 Nb4 19. Rdd1 b5 20. g4 hxg4 21.
Bxg4 Rc7 22. h5 gxh5 23. Bxh5 Qc8 24. Qg3 Kf8 25. Rhg1 Rh7 26. Bg4 e6 27. Rxd6
Rc2 28. e5 Rhh2 29. Be2 Rcxe2 30. Qxg7+ Ke8 31. Qg8+ Ke7 32. Qxc8 1-0

[Event "46. Villa de Mislata - Open B 2012"]
[Site "Mislata ESP"]
[Date "2012.08.13"]
[Round "1.6"]
[White "Albo Ruiz, Jose Martin"]
[Black "Ruiz Martorell, Alfredo"]
[Result "1/2-1/2"]
[WhiteElo "1917"]
[BlackElo "2065"]
[PlyCount "64"]
[EventDate "2012.08.13"]
[EventType "tourn"]
[EventRounds "9"]
[EventCountry "ESP"]
[EventCategory "2"]
[Source "lmi"]
[SourceDate "2012.08.13"]

1. e4 e5 2. Nf3 d6 3. d4 exd4 4. Nxd4 Be7 5. c4 Nf6 6. Nc3 O-O 7. Be2 Nbd7 8.
Nf5 Nc5 9. Nxe7+ Qxe7 10. f3 Be6 11. O-O a6 12. Be3 Rad8 13. b4 Ncd7 14. Nd5
Bxd5 15. cxd5 Ne5 16. Rc1 Ne8 17. Qd2 h6 18. f4 Ng6 19. Bd3 Nf6 20. Rc4 Rfe8
21. Re1 b5 22. Rd4 Ng4 23. g3 Nxe3 24. Qxe3 Nf8 25. Rc1 Nh7 26. Rc6 Ra8 27. Qc1
Ra7 28. a4 Nf6 29. Qc2 bxa4 30. Qxa4 Qd7 31. b5 a5 32. Ra6 Rea8 1/2-1/2

[Event "46. Villa de Mislata - Open B 2012"]
[Site "Mislata ESP"]
[Date "2012.08.13"]
[Round "1.7"]
[White "Gomez Benitez, David"]
[Black "Goetzee, Rick"]
[Result "1-0"]
[WhiteElo "2062"]
[BlackElo "1916"]
[PlyCount "67"]
[EventDate "2012.08.13"]
[EventType "tourn"]
[EventRounds "9"]
[EventCountry "ESP"]
[EventCategory "2"]
[Source "lmi"]
[SourceDate "2012.08.13"]

1. c4 e5 2. Nc3 Nc6 3. g3 g6 4. Bg2 Bg7 5. e3 f5 6. Nge2 Nf6 7. O-O O-O 8. d4
e4 9. Nf4 Re8 10. Rb1 a5 11. a3 d6 12. b4 axb4 13. axb4 Bd7 14. Bd2 Ne7 15. Qb3
c6 16. b5 g5 17. Nfe2 d5 18. cxd5 cxd5 19. f3 Kh8 20. Rfc1 Nc8 21. Na4 b6 22.
Nec3 Be6 23. Na2 Nd6 24. Nb4 Nc4 25. Rc2 Na5 26. Qa2 Rc8 27. Rxc8 Bxc8 28. Nc6
Qc7 29. Nxa5 bxa5 30. b6 Qb8 31. Nc5 Bb7 32. Qxa5 Bf8 33. Qa7 Bxc5 34. dxc5 1-0

[Event "46. Villa de Mislata - Open B 2012"]
[Site "Mislata ESP"]
[Date "2012.08.13"]
[Round "1.8"]
[White "Castillo Pla, Emilio"]
[Black "Ortega Gadea, Santiago"]
[Result "1-0"]
[WhiteElo "1913"]
[BlackElo "2047"]
[PlyCount "63"]
[EventDate "2012.08.13"]
[EventType "tourn"]
[EventRounds "9"]
[EventCountry "ESP"]
[EventCategory "2"]
[Source "lmi"]
[SourceDate "2012.08.13"]

1. e4 e5 2. Bc4 Nf6 3. d3 Nc6 4. Nf3 Be7 5. c3 O-O 6. O-O d5 7. exd5 Nxd5 8. h3
Bf5 9. Re1 Bf6 10. Na3 Re8 11. Bb5 Nb6 12. Nc2 Qd5 13. a4 Rad8 14. Ne3 Qe6 15.
a5 Nd5 16. Nxd5 Qxd5 17. Bc4 Qd7 18. Ng5 Rf8 19. Ne4 a6 20. Qf3 Be7 21. Be3 Bg6
22. b4 Kh8 23. Rad1 f5 24. Nc5 Bxc5 25. Bxc5 Rfe8 26. Qg3 Bf7 27. Qh4 Bxc4 28.
Qxc4 Qe6 29. Qxe6 Rxe6 30. d4 e4 31. d5 Ree8 32. dxc6 1-0

[Event "46. Villa de Mislata - Open B 2012"]
[Site "Mislata ESP"]
[Date "2012.08.13"]
[Round "1.9"]
[White "Cortes Marti, Javier"]
[Black "Trabazos Gallego, Javier"]
[Result "1-0"]
[WhiteElo "2045"]
[BlackElo "1909"]
[PlyCount "87"]
[EventDate "2012.08.13"]
[EventType "tourn"]
[EventRounds "9"]
[EventCountry "ESP"]
[EventCategory "2"]
[Source "lmi"]
[SourceDate "2012.08.13"]

1. d4 d5 2. c4 Bf5 3. Nc3 e6 4. Nf3 c6 5. e3 Nf6 6. Be2 Nbd7 7. a3 a5 8. b3 Bd6
9. Bb2 Qe7 10. cxd5 exd5 11. Qc1 O-O 12. O-O Ne4 13. Re1 Rfe8 14. Bf1 Bg4 15.
Nxe4 dxe4 16. Nd2 Qh4 17. g3 Qh5 18. Bg2 Bh3 19. Qd1 Bg4 20. Qc2 f5 21. Qc4+
Kh8 22. Qf1 Nf6 23. Nc4 Bc7 24. b4 a4 25. Rac1 Rac8 26. Rc2 Nd5 27. Ne5 Bxe5
28. dxe5 Re6 29. Qc4 Rh6 30. h4 Bf3 31. Qxd5 Bxg2 32. Qd7 Rg8 33. Kxg2 Rg6 34.
Kh2 f4 35. exf4 e3 36. Qd1 Qf5 37. fxe3 Rf8 38. Rg2 Qe4 39. Qd2 h6 40. Rf1 Rg4
41. Qe2 h5 42. Qf3 Qc4 43. f5 Re8 44. f6 1-0

[Event "46. Villa de Mislata - Open B 2012"]
[Site "Mislata ESP"]
[Date "2012.08.13"]
[Round "1.10"]
[White "Ortega Morales, Pedro"]
[Black "Cebolla Moll, Ricardo"]
[Result "1-0"]
[WhiteElo "1906"]
[BlackElo "2038"]
[PlyCount "41"]
[EventDate "2012.08.13"]
[EventType "tourn"]
[EventRounds "9"]
[EventCountry "ESP"]
[EventCategory "2"]
[Source "lmi"]
[SourceDate "2012.08.13"]

1. d4 Nf6 2. Bf4 d5 3. e3 e6 4. Nf3 Be7 5. Ne5 Nbd7 6. c3 c5 7. Nd2 O-O 8. Bd3
Re8 9. h4 Nxe5 10. dxe5 Nd7 11. Nf3 f6 12. Bxh7+ Kxh7 13. Ng5+ Kg8 14. Qh5 fxg5
15. hxg5 Nf8 16. g6 Nxg6 17. Qxg6 Bf8 18. O-O-O Re7 19. Bg5 Qe8 20. Qh7+ Kf7
21. Rh6 1-0

[Event "46. Villa de Mislata - Open B 2012"]
[Site "Mislata ESP"]
[Date "2012.08.13"]
[Round "1.11"]
[White "Primo Chica, Oscar"]
[Black "Perales Arona, Joaquin"]
[Result "1-0"]
[WhiteElo "2034"]
[BlackElo "1903"]
[PlyCount "103"]
[EventDate "2012.08.13"]
[EventType "tourn"]
[EventRounds "9"]
[EventCountry "ESP"]
[EventCategory "2"]
[Source "lmi"]
[SourceDate "2012.08.13"]

1. e4 e6 2. d4 d5 3. e5 c5 4. c3 Nc6 5. Nf3 Qb6 6. Be2 Bd7 7. a3 cxd4 8. cxd4
f6 9. O-O fxe5 10. dxe5 Nge7 11. b4 Ng6 12. Bb2 a6 13. Re1 Be7 14. Nc3 O-O 15.
Nxd5 exd5 16. Qxd5+ Kh8 17. Qxd7 Rad8 18. Qe6 Rde8 19. Qb3 Bc5 20. Rf1 Ncxe5
21. Qd5 Nf4 22. bxc5 Nxe2+ 23. Kh1 Qxb2 24. Ra2 Nf4 25. Rxb2 Nxd5 26. Nxe5 Rxe5
27. Rxb7 h6 28. Ra7 Rc8 29. Rxa6 Rxc5 30. g3 Nf6 31. Rb1 Ra5 32. Rb8+ Kh7 33.
Rba8 Rxa6 34. Rxa6 Ne4 35. Kg2 Nc3 36. Kf3 Re7 37. Kf4 Nb5 38. a4 Nc3 39. a5
Rf7+ 40. Ke3 Nd1+ 41. Ke2 Nxf2 42. Rb6 Ne4 43. Kd3 Nf6 44. Kc4 Nd7 45. Rd6 Nb8
46. Kb5 Rf1 47. Kb6 Rb1+ 48. Kc7 Ra1 49. Rd5 Na6+ 50. Kb6 Nb4 51. Rb5 Nc2 52.
a6 1-0

[Event "46. Villa de Mislata - Open B 2012"]
[Site "Mislata ESP"]
[Date "2012.08.13"]
[Round "1.12"]
[White "Barry Bertomeu, Enrique"]
[Black "Leon Colan, Carlos Edmundo"]
[Result "0-1"]
[WhiteElo "1901"]
[BlackElo "2021"]
[PlyCount "92"]
[EventDate "2012.08.13"]
[EventType "tourn"]
[EventRounds "9"]
[EventCountry "ESP"]
[EventCategory "2"]
[Source "lmi"]
[SourceDate "2012.08.13"]

1. e4 e6 2. d4 d5 3. e5 c5 4. c3 Nc6 5. Nf3 h6 6. a3 Qc7 7. Bd3 Bd7 8. O-O c4
9. Bc2 b5 10. Ne1 a5 11. f4 g6 12. Qg4 Nge7 13. Nf3 Nf5 14. Qh3 O-O-O 15. a4 b4
16. g4 Ng7 17. b3 Be7 18. bxc4 dxc4 19. Nbd2 Na7 20. cxb4 axb4 21. Qg2 Kb8 22.
Qe2 Rc8 23. Ne4 Rhd8 24. Be3 h5 25. h3 Qa5 26. Rfb1 Rc7 27. Nc5 Rxc5 28. dxc5
Bxc5 29. Bxc5 Qxc5+ 30. Qf2 Qxf2+ 31. Kxf2 b3 32. Nd2 Bb5 33. Nxc4 Bxc4 34.
Bxb3 Bxb3 35. Rxb3+ Ka8 36. Ra2 hxg4 37. hxg4 Ne8 38. Rc2 Rd7 39. Ke3 Nc7 40.
Rd3 Nd5+ 41. Ke4 Kb7 42. Rc4 Kb8 43. f5 gxf5+ 44. gxf5 Nc8 45. fxe6 fxe6 46.
Rxd5 exd5+ 0-1

[Event "46. Villa de Mislata - Open B 2012"]
[Site "Mislata ESP"]
[Date "2012.08.14"]
[Round "2.1"]
[White "Lopez Mulet, Inigo"]
[Black "Segarra Martinez, Axel"]
[Result "1/2-1/2"]
[WhiteElo "1960"]
[BlackElo "2091"]
[PlyCount "38"]
[EventDate "2012.08.13"]
[EventType "tourn"]
[EventRounds "9"]
[EventCountry "ESP"]
[EventCategory "2"]
[Source "lmi"]
[SourceDate "2012.08.13"]

1. d4 Nf6 2. c4 g6 3. f3 c5 4. d5 d6 5. Nc3 Bg7 6. e4 O-O 7. Be3 Qb6 8. Qd2 Re8
9. Nge2 Nbd7 10. Ng3 h5 11. Be2 Ne5 12. O-O e6 13. h3 exd5 14. cxd5 a6 15. a4
Qb4 16. Rfc1 Rb8 17. Qc2 Nc4 18. Bf4 Ne5 19. Be3 Nc4 1/2-1/2

[Event "46. Villa de Mislata - Open B 2012"]
[Site "Mislata ESP"]
[Date "2012.08.14"]
[Round "2.2"]
[White "Mezquita Broch, Pascual"]
[Black "Ventura Monfort, Santiago"]
[Result "1/2-1/2"]
[WhiteElo "1943"]
[BlackElo "2066"]
[PlyCount "82"]
[EventDate "2012.08.13"]
[EventType "tourn"]
[EventRounds "9"]
[EventCountry "ESP"]
[EventCategory "2"]
[Source "lmi"]
[SourceDate "2012.08.13"]

1. d4 Nf6 2. Nf3 d5 3. g3 c6 4. Bg2 Bf5 5. O-O Qc8 6. Re1 e6 7. Nbd2 Be7 8. c4
O-O 9. b3 a5 10. Bb2 h6 11. Ne5 Nbd7 12. a3 Qc7 13. Nxd7 Qxd7 14. Nf3 Ne4 15.
Ne5 Qc7 16. f3 Nf6 17. e4 Bh7 18. exd5 exd5 19. c5 Rfe8 20. b4 Nd7 21. Bh3 Nf8
22. Qd2 Ne6 23. Nxf7 Bg5 24. Nxg5 Nxg5 25. Bg2 Qf7 26. Rxe8+ Rxe8 27. Rf1 axb4
28. axb4 Qe6 29. Bc1 Qe2 30. Qxe2 Rxe2 31. Rd1 Bc2 32. Rf1 Bd3 33. Bxg5 hxg5
34. Rd1 Bc2 35. Ra1 Rd2 36. Ra2 Rd1+ 37. Kf2 Bd3 38. Ke3 Ba6 39. Rd2 Rb1 40.
Bh3 Kf7 41. Bg4 Rxb4 1/2-1/2

[Event "46. Villa de Mislata - Open B 2012"]
[Site "Mislata ESP"]
[Date "2012.08.14"]
[Round "2.3"]
[White "Palacios Herrero, Pablo"]
[Black "Gomez Benitez, David"]
[Result "0-1"]
[WhiteElo "1926"]
[BlackElo "2062"]
[PlyCount "128"]
[EventDate "2012.08.13"]
[EventType "tourn"]
[EventRounds "9"]
[EventCountry "ESP"]
[EventCategory "2"]
[Source "lmi"]
[SourceDate "2012.08.13"]

1. e4 d5 2. exd5 Qxd5 3. Nc3 Qd6 4. d4 Nf6 5. Nf3 a6 6. g3 Bg4 7. Bg2 Nc6 8.
Ne2 e5 9. Nxe5 Nxe5 10. dxe5 Qxe5 11. Bxb7 Rd8 12. Bc6+ Bd7 13. Qd4 Qxd4 14.
Nxd4 Bxc6 15. Nxc6 Rd6 16. Na5 Re6+ 17. Kf1 Bb4 18. Nb3 O-O 19. c3 Bd6 20. Nd4
Ree8 21. Bd2 Ne4 22. Be3 Rb8 23. Re1 Rxb2 24. Bc1 Rb1 25. Rxe4 Rxc1+ 26. Kg2
Rxc3 27. Nf5 Rd8 28. Rhe1 Kf8 29. Ra4 Rc6 30. Rb1 Be5 31. Re1 Bf6 32. Ne3 Rcd6
33. Nc4 Rd4 34. Rc1 Ra8 35. Ra5 Be7 36. Ne5 Bd6 37. Nc6 Rd2 38. Kf3 f6 39. Ke3
Rb2 40. Rc4 Rb5 41. Rca4 Bc5+ 42. Nd4 Rxa5 43. Rxa5 Bb6 44. Rd5 Ke7 45. Kf3
Bxd4 46. Rxd4 Rd8 47. Rh4 h6 48. Ra4 Rd6 49. h4 g6 50. Rc4 Kd7 51. Ke3 Rd5 52.
Rg4 g5 53. hxg5 hxg5 54. Ra4 a5 55. f4 Kc6 56. Rc4+ Kb6 57. Ke4 Rb5 58. fxg5
fxg5 59. Kd3 Rf5 60. g4 Rf3+ 61. Kc2 Re3 62. Kb2 c5 63. a4 Kc6 64. Kc2 Kd5 0-1

[Event "46. Villa de Mislata - Open B 2012"]
[Site "Mislata ESP"]
[Date "2012.08.14"]
[Round "2.4"]
[White "Nieves Cabanes, Jose Manuel"]
[Black "Cortes Marti, Javier"]
[Result "1/2-1/2"]
[WhiteElo "1872"]
[BlackElo "2045"]
[PlyCount "114"]
[EventDate "2012.08.13"]
[EventType "tourn"]
[EventRounds "9"]
[EventCountry "ESP"]
[EventCategory "2"]
[Source "lmi"]
[SourceDate "2012.08.13"]

1. d4 d5 2. c4 e6 3. Nc3 Nf6 4. Nf3 c6 5. e3 Bd6 6. Bd3 Nbd7 7. O-O O-O 8. e4
dxe4 9. Nxe4 Nxe4 10. Bxe4 h6 11. Bd2 f5 12. Bc2 Nf6 13. Re1 b6 14. Bc3 Qc7 15.
h3 Bd7 16. Ne5 Bxe5 17. dxe5 Nh7 18. f4 c5 19. Qe2 Rf7 20. Rad1 Nf8 21. Rd6 Re7
22. Red1 Bc6 23. Qe3 Rc8 24. R1d2 Ba8 25. Bd1 g6 26. Bf3 Rg7 27. g4 Bxf3 28.
Qxf3 Qf7 29. Rg2 Re8 30. b3 Nh7 31. Qc6 Nf8 32. Bd2 Rb8 33. Be3 Qb7 34. Rgd2
Qxc6 35. Rxc6 fxg4 36. hxg4 Rbb7 37. Kf1 h5 38. Kf2 Kf7 39. Kf3 Ke7 40. Rh2
hxg4+ 41. Kxg4 g5 42. fxg5 Ng6 43. Bf4 Rf7 44. Bg3 Rd7 45. Rd6 Kf8 46. Rxe6
Rd4+ 47. Kh5 Ne7 48. Rf6 Nf5 49. Be1 Re4 50. Bc3 Kg8 51. Rxf7 Kxf7 52. g6+ Ke6
53. Kg5 Re3 54. Bd2 Rg3+ 55. Kh5 Rg1 56. Bc3 Rg3 57. Bb2 Rg1 1/2-1/2

[Event "46. Villa de Mislata - Open B 2012"]
[Site "Mislata ESP"]
[Date "2012.08.14"]
[Round "2.5"]
[White "Leon Colan, Carlos Edmundo"]
[Black "Tortosa Fito, Sergio"]
[Result "1/2-1/2"]
[WhiteElo "2021"]
[BlackElo "1961"]
[PlyCount "47"]
[EventDate "2012.08.13"]
[EventType "tourn"]
[EventRounds "9"]
[EventCountry "ESP"]
[EventCategory "2"]
[Source "lmi"]
[SourceDate "2012.08.13"]

1. d4 Nf6 2. Nf3 d5 3. e3 e6 4. Bd3 Be7 5. O-O O-O 6. Nbd2 c5 7. c3 Nc6 8. Re1
cxd4 9. exd4 Qc7 10. Nf1 h6 11. Bd2 Re8 12. Rc1 Bd6 13. c4 dxc4 14. Rxc4 b5 15.
Rc1 Qb6 16. Be3 Nd5 17. Bb1 Bb7 18. a3 Nxe3 19. fxe3 e5 20. Qd2 Rad8 21. Kh1
Na5 22. Ba2 b4 23. Qf2 b3 24. Bb1 1/2-1/2

[Event "46. Villa de Mislata - Open B 2012"]
[Site "Mislata ESP"]
[Date "2012.08.14"]
[Round "2.6"]
[White "Guillem Mora, Carlos"]
[Black "Gimenez Sanchis, Francisco  Andres"]
[Result "1/2-1/2"]
[WhiteElo "1804"]
[BlackElo "2020"]
[PlyCount "190"]
[EventDate "2012.08.13"]
[EventType "tourn"]
[EventRounds "9"]
[EventCountry "ESP"]
[EventCategory "2"]
[Source "lmi"]
[SourceDate "2012.08.13"]

1. d4 d5 2. Nf3 e6 3. Bf4 c5 4. e3 Nc6 5. Nc3 a6 6. Be2 cxd4 7. exd4 Nge7 8.
O-O Ng6 9. Be3 Bd6 10. Qd2 O-O 11. Bd1 Bd7 12. Ne2 Rc8 13. c3 b5 14. Bc2 b4 15.
Bg5 Qc7 16. h4 bxc3 17. bxc3 Na5 18. h5 Nc4 19. Qd3 Nb2 20. Qe3 Ne7 21. h6 g6
22. Bf6 Nf5 23. Qg5 Bb5 24. Rfe1 Bxe2 25. Rxe2 Bf4 26. Qg4 Nc4 27. g3 Bxh6 28.
Bxf5 exf5 29. Qh4 Bg7 30. Ng5 h6 31. Nf3 Bxf6 32. Qxf6 Qc6 33. Qh4 g5 34. Qh5
Rfe8 35. Rae1 Kg7 36. Kg2 Rxe2 37. Rxe2 Qg6 38. Qxg6+ Kxg6 39. Ne5+ Nxe5 40.
Rxe5 Rxc3 41. Rxd5 Ra3 42. Rd6+ f6 43. Rd7 Rxa2 44. d5 g4 45. d6 Rd2 46. Kf1
Rd1+ 47. Kg2 a5 48. Ra7 Rxd6 49. Rxa5 Rd2 50. Ra4 Kg5 51. Rb4 Re2 52. Ra4 Re4
53. Ra5 h5 54. Ra8 f4 55. Rg8+ Kf5 56. gxf4 Kxf4 57. Rh8 Kg5 58. Rg8+ Kh4 59.
Rf8 Rf4 60. Rf7 f5 61. Rf8 Rf3 62. Rg8 Rh3 63. Rf8 Kg5 64. Rg8+ Kf4 65. Ra8 h4
66. Ra4+ Kg5 67. Ra5 Rf3 68. Ra2 Rc3 69. Rb2 h3+ 70. Kh2 Kf4 71. Ra2 Kf3 72.
Rb2 Rc1 73. Rb5 f4 74. Rb3+ Kxf2 75. Rb2+ Ke3 76. Rb3+ Kd4 77. Rd3+ Kc4 78.
Rd4+ Kc5 79. Rd5+ Kb4 80. Rb5+ Kc3 81. Rb3+ Kd4 82. Rd3+ Ke4 83. Rd4+ Ke3 84.
Rd3+ Ke2 85. Rd2+ Kf3 86. Rd3+ Ke4 87. Rd4+ Kf5 88. Rd5+ Kf6 89. Rd6+ Ke7 90.
Rd7+ Kf6 91. Rd6+ Ke5 92. Rd5+ Ke4 93. Rd4+ Ke3 94. Rd3+ Ke2 95. Rd2+ Ke1
1/2-1/2

[Event "46. Villa de Mislata - Open B 2012"]
[Site "Mislata ESP"]
[Date "2012.08.14"]
[Round "2.7"]
[White "Echeverria, Nestor"]
[Black "Benedito Salavert, Jaime"]
[Result "1-0"]
[WhiteElo "2014"]
[BlackElo "1959"]
[PlyCount "53"]
[EventDate "2012.08.13"]
[EventType "tourn"]
[EventRounds "9"]
[EventCountry "ESP"]
[EventCategory "2"]
[Source "lmi"]
[SourceDate "2012.08.13"]

1. d4 Nf6 2. Nf3 e6 3. Bf4 c5 4. e3 Be7 5. Bd3 O-O 6. Nbd2 a6 7. a4 Nc6 8. c3
b6 9. h4 d6 10. Qe2 Qc7 11. Bg3 Bb7 12. O-O Qd8 13. Rad1 cxd4 14. exd4 g6 15.
Ng5 Nh5 16. Nxh7 Nxg3 17. fxg3 Kxh7 18. h5 Kg7 19. hxg6 f5 20. Qxe6 Rf6 21. Qe3
Rxg6 22. Bxf5 Rh6 23. Be6 Bf6 24. Ne4 Qe7 25. Nxf6 Rxf6 26. Rxf6 Qxf6 27. Rf1
1-0

[Event "46. Villa de Mislata - Open B 2012"]
[Site "Mislata ESP"]
[Date "2012.08.14"]
[Round "2.8"]
[White "De Pablos Fernandez, Mariano"]
[Black "Bas Mas, Miguel"]
[Result "0-1"]
[WhiteElo "2013"]
[BlackElo "1925"]
[PlyCount "82"]
[EventDate "2012.08.13"]
[EventType "tourn"]
[EventRounds "9"]
[EventCountry "ESP"]
[EventCategory "2"]
[Source "lmi"]
[SourceDate "2012.08.13"]

1. e4 c5 2. b3 e6 3. Nf3 Nc6 4. Bb2 Nf6 5. e5 Nd5 6. Nc3 Nxc3 7. Bxc3 a6 8. g3
d5 9. exd6 Qxd6 10. Bg2 Nd4 11. O-O Be7 12. a4 Bf6 13. Nxd4 cxd4 14. Bb2 Qc7
15. Ba3 Rb8 16. d3 b5 17. axb5 axb5 18. Bb4 Be7 19. Bxe7 Qxe7 20. Bc6+ Kf8 21.
Qf3 Bd7 22. Ra5 g5 23. Bxd7 Qxd7 24. Qf6 Rg8 25. Rfa1 Rg7 26. Ra8 Qb7 27. Rxb8+
Qxb8 28. Qxd4 h5 29. Qe4 Ke7 30. Ra5 h4 31. Qb4+ Kf6 32. Qxb5 Qc7 33. Qc5 Qb8
34. d4 Qd8 35. Qe5+ Kg6 36. b4 f6 37. Qxe6 Qxd4 38. Qf5+ Kh6 39. Ra4 Rh7 40.
Ra8 hxg3 41. Rf8 Kg7 0-1

[Event "46. Villa de Mislata - Open B 2012"]
[Site "Mislata ESP"]
[Date "2012.08.14"]
[Round "2.9"]
[White "Luque Martin, Jonathan"]
[Black "Llamazares Lopez, Marcos"]
[Result "1/2-1/2"]
[WhiteElo "1942"]
[BlackElo "2002"]
[PlyCount "77"]
[EventDate "2012.08.13"]
[EventType "tourn"]
[EventRounds "9"]
[EventCountry "ESP"]
[EventCategory "2"]
[Source "lmi"]
[SourceDate "2012.08.13"]

1. d4 d5 2. c4 c6 3. Nf3 Nf6 4. Nc3 e6 5. Bg5 Be7 6. e3 O-O 7. Qc2 Nbd7 8. cxd5
exd5 9. Bd3 h6 10. Bh4 Re8 11. O-O Ne4 12. Bxe7 Qxe7 13. Rae1 Ndf6 14. Nd2 Bf5
15. f3 Nxd2 16. Qxd2 Bxd3 17. Qxd3 Rad8 18. e4 dxe4 19. fxe4 Qb4 20. e5 Ng4 21.
Re4 h5 22. h3 Nh6 23. Qe3 Qe7 24. Qg3 Qb4 25. Qf2 Qe7 26. Rf4 c5 27. Nb5 cxd4
28. Nd6 Rf8 29. Qxd4 b6 30. Qd5 Qe6 31. Qd4 f6 32. Qc4 Qxc4 33. Nxc4 fxe5 34.
Nxe5 Rxf4 35. Rxf4 Rd1+ 36. Rf1 Rd5 37. Ng6 Ra5 38. a3 Nf7 39. Ne7+ 1/2-1/2

[Event "46. Villa de Mislata - Open B 2012"]
[Site "Mislata ESP"]
[Date "2012.08.14"]
[Round "2.10"]
[White "Romero Calduch, Sergio"]
[Black "Castillo Pla, Emilio"]
[Result "1-0"]
[WhiteElo "1972"]
[BlackElo "1913"]
[PlyCount "67"]
[EventDate "2012.08.13"]
[EventType "tourn"]
[EventRounds "9"]
[EventCountry "ESP"]
[EventCategory "2"]
[Source "lmi"]
[SourceDate "2012.08.13"]

1. d4 g6 2. c4 Bg7 3. Nc3 d6 4. e4 Nf6 5. f4 O-O 6. Nf3 Na6 7. Be2 c5 8. d5 Bg4
9. O-O Nc7 10. h3 Bxf3 11. Bxf3 Nd7 12. Qd3 a6 13. a4 Rb8 14. Be3 b6 15. Bf2
Qe8 16. Bg3 g5 17. fxg5 Ne5 18. Qe2 Rb7 19. Bg4 Qb8 20. Bf5 Ng6 21. h4 b5 22.
cxb5 axb5 23. a5 b4 24. Na4 Nb5 25. Nb6 Nd4 26. Qd1 Rxb6 27. axb6 Qxb6 28. Kh1
Qb5 29. h5 Ne5 30. h6 Bh8 31. Bxe5 Bxe5 32. Qh5 Nxf5 33. Rxf5 Qd3 34. Raf1 1-0

[Event "46. Villa de Mislata - Open B 2012"]
[Site "Mislata ESP"]
[Date "2012.08.14"]
[Round "3.1"]
[White "Gomez Benitez, David"]
[Black "Romero Calduch, Sergio"]
[Result "1/2-1/2"]
[WhiteElo "2062"]
[BlackElo "1972"]
[PlyCount "51"]
[EventDate "2012.08.13"]
[EventType "tourn"]
[EventRounds "9"]
[EventCountry "ESP"]
[EventCategory "2"]
[Source "lmi"]
[SourceDate "2012.08.13"]

1. c4 e5 2. Nc3 d6 3. e3 c6 4. d4 exd4 5. exd4 d5 6. Nf3 Nf6 7. cxd5 Nxd5 8.
Be2 Be7 9. O-O O-O 10. Qb3 Nb6 11. Bf4 Be6 12. Qc2 N8d7 13. Bd3 h6 14. Rfe1 Nf6
15. Rad1 Nbd5 16. Nxd5 Nxd5 17. Bd2 Nb4 18. Bxb4 Bxb4 19. Re3 Bd6 20. a3 a5 21.
Ne5 Re8 22. Qe2 Be7 23. Bc2 Bg5 24. Rc3 Qe7 25. Qd3 g6 26. Qg3 1/2-1/2

[Event "46. Villa de Mislata - Open B 2012"]
[Site "Mislata ESP"]
[Date "2012.08.14"]
[Round "3.2"]
[White "Soria Martinez, Sergio"]
[Black "Echeverria, Nestor"]
[Result "0-1"]
[WhiteElo "1698"]
[BlackElo "2014"]
[PlyCount "53"]
[EventDate "2012.08.13"]
[EventType "tourn"]
[EventRounds "9"]
[EventCountry "ESP"]
[EventCategory "2"]
[Source "lmi"]
[SourceDate "2012.08.13"]

1. d4 Nf6 2. c4 c5 3. e3 g6 4. Nc3 Bg7 5. Nf3 O-O 6. Be2 cxd4 7. exd4 d5 8. c5
Nc6 9. O-O Bg4 10. h3 Bxf3 11. Bxf3 e6 12. Be3 Nd7 13. b4 Nxb4 14. Qb3 Nc6 15.
Qxb7 Nxd4 16. Bxd4 Bxd4 17. Qb4 Qf6 18. Rac1 Bxc5 19. Qb7 Rfd8 20. Bxd5 exd5
21. Nxd5 Qh4 22. Rxc5 Nxc5 23. Qc6 Ne6 24. g3 Qd4 25. Ne3 Rac8 26. Qg2 Rc3 27.
Re1 0-1